000
00315nam a22001337a 4500
005
20160303042126.0
008
150528b xxu||||| |||| 00| 0 eng d
020
_a
9780071805827
020
_a
0071805826
041
_a
eng
080
_a
004
245
_a
Windows 8 kickstart /
_c
James Howard Russell.
942
_2
udc
_c
BK
999
_c
917
_d
917